The new penguin business dictionary / (Record no. 8746)

MARC details
000 -LEADER
fixed length control field 00738nam a22002295a 4500
008 - FIXED-LENGTH DATA ELEMENTS--GENERAL INFORMATION
fixed length control field 150824t2002 enk frd 000 0 eng d
020 ## - INTERNATIONAL STANDARD BOOK NUMBER
International Standard Book Number 0140513779
020 ## - INTERNATIONAL STANDARD BOOK NUMBER
International Standard Book Number 9780140513776
040 ## - CATALOGING SOURCE
Original cataloging agency EG-ScBuE
Language of cataloging eng
Transcribing agency EG-ScBuE
Modifying agency EG-ScBuE
082 04 - DEWEY DECIMAL CLASSIFICATION NUMBER
Classification number 650.03
Item number NEW
Edition number 22
245 04 - TITLE STATEMENT
Title The new penguin business dictionary /
Statement of responsibility, etc Graham Bannock ... [et al.]
246 30 - VARYING FORM OF TITLE
Title proper/short title Business dictionary
246 34 - VARYING FORM OF TITLE
Title proper/short title Dictionary of business
246 34 - VARYING FORM OF TITLE
Title proper/short title The new penguin dictionary of business
260 ## - PUBLICATION, DISTRIBUTION, ETC. (IMPRINT)
Place of publication, distribution, etc London :
Name of publisher, distributor, etc Penguin books,
Date of publication, distribution, etc 2002.
300 ## - PHYSICAL DESCRIPTION
Extent 392 p. ;
Dimensions 20 cm.
650 #7 - SUBJECT ADDED ENTRY--TOPICAL TERM
Topical term or geographic name as entry element Business
General subdivision Dictionaries.
Source of heading or term BUEsh
9 (RLIN) 19575
651 ## - SUBJECT ADDED ENTRY--GEOGRAPHIC NAME
Source of heading or term BUEsh
653 ## - INDEX TERM--UNCONTROLLED
Resource For college BAEPS, Business Administration
Arrived date list August2015
-- November2017
700 1# - ADDED ENTRY--PERSONAL NAME
Personal name Bannock, Graham
9 (RLIN) 1333
942 ## - ADDED ENTRY ELEMENTS (KOHA)
Item type NB - Book (Non borrowing)
Call number prefix 650.03 BUS
Source of classification or shelving scheme Dewey Decimal Classification
Holdings
Withdrawn status Item status Source of classification or shelving scheme Damaged status Not for loan Home library Current library Shelving location Date acquired Source of acquisition Total Checkouts Full call number Barcode Date last seen Koha item type
    Dewey Decimal Classification     Central Library Central Library First floor 19/03/2008 Purchase   650.03 NEW 000010518 05/04/2026 Reference (NB)
    Dewey Decimal Classification     Central Library Central Library First floor 24/11/2008 Purchase   650.03 BUS 000043483 15/07/2025 Reference (NB)